Welsh Counties - Statistics

General Stats
  • This quiz has been taken 409 times
  • The average score is 10 of 22
Answer Stats
Answer % Correct
Cardiff
85%
Swansea
78%
Powys
73%
Pembrokeshire
61%
Wrexham
59%
Newport
58%
Monmouthshire
57%
Flintshire
56%
Gwynedd
53%
Carmarthenshire
46%
Ceredigion
46%
Conwy
41%
Denbighshire
39%
Caerphilly
37%
Vale of Glamorgan
37%
Bridgend
35%
Merthyr Tydfil
30%
Neath Port Talbot
27%
Torfaen
27%
Isle of Anglesey
24%
Rhondda Cynon Taff
22%
Blaenau Gwent
21%
No matching quizzes found
Score Distribution
Percent of People with Each Score
Percentile by Number Answered
Your Score History
You have not taken this quiz